000 00906nam a2200217 a 4500
001 000021062
003 AM-YEHGA
005 20250618070822.0
008 030329s1975 ai a|||gr|||||||||1|arm|d
040 _aAM-YeHGA
041 0 _aarm
100 1 _aՀովսեփյան, Բաղիշ Արշակի,
_d1922-2004
_91920
245 1 0 _aԸնտիր երկեր :
_b[Պատմվածքներ ; Վեպեր] /
_cԲ.Ա. Հովսեփյան ; Խմբ.՝ Հ. Թ. Կարճիկյան ; Նկ.՝ Խ. Հ. Գյուլամիրյան.
260 _aԵրևան :
_bՀայաստան,
_c1975.
300 _a600 էջ :
_bնկ. ;
_c22 սմ.
650 1 4 _aՀայ գրականություն
_xԱրձակ
700 1 _aԿարճիկյան, Համլետ Թորգոմի,
_d1936-2022
_eխմբ.
_4edt
_91475
700 1 _aԳյուլամիրյան, Խաչատուր Հովհաննեսի,
_d1922-2001
_eնկ.
_4art
_93258
942 _2udc
_cBK
090 _c7683
999 _c7624
_d7624